| 000 | 00644nam a22001697a 4500 | ||
|---|---|---|---|
| 003 | OSt | ||
| 005 | 20171010095528.0 | ||
| 008 | 121004t xxu||||| |||| 00| 0 eng d | ||
| 040 |
_aMMSU _cULS |
||
| 100 |
_aBarroga, Jennifer S. _913125 |
||
| 245 |
_aThermal analysis of Nanguyudan red clay of Ilocos Norte Philippines using thermogravimetric (TGA) and different thermal analysis (DTA) _cJennifer S. Barroga |
||
| 260 | _c2008 | ||
| 300 |
_aviii, 40 leaves _c28 cm. |
||
| 500 | _aThesis (BS Ceramic Engineering) -- Mariano Marcos State University-College of Engineering, Batac City | ||
| 504 | _aBibliography: leaf 26 | ||
| 942 |
_2ddc _cTHEDIS |
||
| 999 |
_c9806 _d9806 |
||